Normal view
MARC view
- البيع -- قوانيين وتشريعات -- مصر -- البيع ( فقة اسلامي ) -- البيع عبر الانترنت -- القانون التجاري -- مصر -- التجارة الالكترونية --قوانين وتشريعات -- مصر
Entry Topical Term
001 - CONTROL NUMBER
- control field: 31957
003 - CONTROL NUMBER IDENTIFIER
- control field: JO-AjAnu
005 - DATE AND TIME OF LATEST TRANSACTION
- control field: 20230606075357.0
008 - FIXED-LENGTH DATA ELEMENTS
- fixed length control field: 230606|| aca||aabn | a|a d
040 ## - CATALOGING SOURCE
- Original cataloging agency: JO-AjAnu
- Transcribing agency: JO-AjAnu
150 ## - HEADING--TOPICAL TERM
- Topical term or geographic name entry element: البيع -- قوانيين وتشريعات -- مصر -- البيع ( فقة اسلامي ) -- البيع عبر الانترنت -- القانون التجاري -- مصر -- التجارة الالكترونية --قوانين وتشريعات -- مصر
670 ## - SOURCE DATA FOUND
- Source citation: Work cat.: (JO-AjAnu)16409: الجريدلى ، جمال زكي , author 31956, البيع الإلكتروني للسلع المقلدة عبر شبكة الإنترنت " دراسة فقهية مقارنة "